000 01081nam a22002897a 4500
005 20170515104234.0
010 _aENG-108916
020 _a9788120347748
_c795.00
035 _aEN-92449
035 _aB-536916-921
035 _aB-663831
037 _bDBAD/PUB
037 _bUBH/Ven
_adpl
037 _bBookwell
_adpl
082 _a005.54
100 _aFerrari, Alberto
245 _a Microsoft Excel 2013 :
_cby Alberto Ferrari [and] Marco Russo
_b building data models with PowerPivot /
260 _aNew Delhi
_bPHI Learning
_c2014
270 _aRimjhim House,111, Patparganj Industrial Estate,
_bNew Delhi
_e110092
300 _a xx. 487 p. :
_c23cm(pbk)
_b ill.
500 _aIncludes index
650 _a Data mining
_x Computer programs
700 _d1967-
_a Russo , Marco
942 _2ddc
_cEN
_mFER
_h005.54
999 _c81297
_d81297